000 00537nam a2200205Ia 4500
005 20240823053733.0
008 240823s9999||||xx |||||||||||||| ||und||
020 _a81-7520-128-2
041 _aENGLISH
082 _A013.3790954 Q6
100 _aYoud Vir Singh
245 0 _aBibliography of Doctoral Dissertations 2013 Humanities
250 _a1st
260 _c2016
_bAssociation of Indian Univers
500 _aYES
650 _aHumanities
_bManagement Studies
700 _a Rama Devi Pani S
942 _cBK
999 _c224838
_d224838